Disney textar (íslenska) Quiz Stats

 Plays Quiz not verified by Sporcle

Challenge
Share
Tweet
Embed
Score 0/82 Timer 10:00
0 Plays Today
% Correct
ég
92.9%
ég
92.9%
ég
92.9%
ég
92.9%
er
85.7%
er
85.7%
þú
85.7%
er
85.7%
er
85.7%
64.3%
64.3%
64.3%
við?
64.3%
mér
50%
vera
50%
mér
50%
mig
50%
hún
50%
af
50%
ei
50%
hún
50%
mér
50%
mér
50%
verð
42.9%
En
42.9%
hér
35.7%
35.7%
í
35.7%
% Correct
sjá
35.7%
í
35.7%
sjá
35.7%
eða
28.6%
Kannski
28.6%
þess
28.6%
á
28.6%
Aldrei
28.6%
þar
28.6%
Aldrei
28.6%
þar
28.6%
veit
21.4%
vel
21.4%
brúður
21.4%
varla
21.4%
verðug
21.4%
dóttir
21.4%
segja
21.4%
Því
21.4%
konu
21.4%
því
21.4%
mun
21.4%
inn
21.4%
sál
21.4%
mun
21.4%
inn
21.4%
sál
21.4%
Sjáið
14.3%
% Correct
alls
14.3%
ætlað
14.3%
án
14.3%
þó
14.3%
enginn
14.3%
vafi
14.3%
sjálfri
14.3%
trú
14.3%
menn
14.3%
ættarsmán
14.3%
Blátæra
14.3%
bjarta
14.3%
lind
14.3%
birtir
14.3%
mína
14.3%
mynd?
14.3%
kannast
14.3%
Andlitið
14.3%
mitt
14.3%
Enginn
14.3%
neita
14.3%
14.3%
nokkur
14.3%
þó
14.3%
nokkur
14.3%
þó
14.3%

You're not logged in!

Compare scores with friends on all Sporcle quizzes.
Join for Free
OR
Log In

You Might Also Like...

Show Comments

Extras

Created Feb 7, 2012ReportNominate

Top Quizzes Today


Score Distribution

Your Account Isn't Verified!

In order to create a playlist on Sporcle, you need to verify the email address you used during registration. Go to your Sporcle Settings to finish the process.

Report this User

Report this user for behavior that violates our Community Guidelines.

Details: